| 000 | 00956nam a22002537a 4500 | ||
|---|---|---|---|
| 003 | OSt | ||
| 005 | 20250411120845.0 | ||
| 008 | 250411b |||||||| |||| 00| 0 eng d | ||
| 020 | _a0553269577 | ||
| 040 |
_aDLC _bEng _cRU _dRU _erda |
||
| 050 |
_aPS3569 .C233 _bS66 1982 |
||
| 100 |
_aScarborough, Elizabeth Ann, _d1947- _eauthor. |
||
| 245 |
_aSong of sorcery and the unicorn creed _cElizabeth Ann Scarborough. |
||
| 250 |
_aOmnibus edition. _bVol.1-2 |
||
| 260 |
_aNew York : _bBantam Books, _c[1987] |
||
| 300 |
_a552 pages ; _c18 cm |
||
| 490 |
_aSongs from the Seashell Archives ; _vVol. 1-2 |
||
| 500 | _aContains two complete novels in the Songs from the Seashell Archives series: Song of Sorcery and The Unicorn Creed. | ||
| 650 | _aFantasy fiction. | ||
| 650 |
_aMagic _vFiction. |
||
| 650 |
_aUnicorns _vFiction. |
||
| 830 | _aSongs from the Seashell Archives ;$vv. 1-2. | ||
| 942 |
_2lcc _cBK _hPS3569.C233 _iS66 1992 |
||
| 999 |
_c264813 _d264812 |
||